[Event "V Open Escacs Xàtiva"]
[Site "Xàtiva, Spain"]
[Date "2019.07.17"]
[Round "4.5"]
[White "Sancho Ferrer, Juan Vicente"]
[Black "Crespo Calatayud, Santiago"]
[Result "1-0"]
[WhiteElo "1898"]
[BlackElo "1758"]
[PlyCount "63"]
[EventDate "2019.??.??"]

1. f4 {[%clk 01:30:56]  [%emt 00:00:04]} 1... d5 {
[%clk 01:30:46]  [%emt 00:00:14]} 2. g3 {[%clk 01:31:15]  [%emt 00:00:10]} 2...
g6 {[%clk 01:30:17]  [%emt 00:01:00]} 3. Bg2 {[%clk 01:31:25]  [%emt 00:00:19]}
3... Bg7 {[%clk 01:30:32]  [%emt 00:00:15]} 4. Nf3 {
[%clk 01:31:39]  [%emt 00:00:16]} 4... Nf6 {[%clk 01:30:20]  [%emt 00:00:42]}
5. d3 {[%clk 01:31:38]  [%emt 00:00:30]} 5... c5 {
[%clk 01:30:37]  [%emt 00:00:13]} 6. O-O {[%clk 01:31:53]  [%emt 00:00:15]}
6... O-O {[%clk 01:30:53]  [%emt 00:00:15]} 7. Qe1 {
[%clk 01:32:08]  [%emt 00:00:15]} 7... Nc6 {[%clk 01:29:49]  [%emt 00:01:34]}
8. c3 {[%clk 01:32:15]  [%emt 00:00:23]} 8... Re8 {
[%clk 01:29:30]  [%emt 00:00:49]} 9. e4 {[%clk 01:32:02]  [%emt 00:00:42]} 9...
e5 {[%clk 01:29:33]  [%emt 00:00:27]} 10. fxe5 {
[%clk 01:31:40]  [%emt 00:00:52]} 10... Nxe5 {[%clk 01:29:51]  [%emt 00:00:12]}
11. Nxe5 {[%clk 01:31:29]  [%emt 00:00:41]} 11... Rxe5 {
[%clk 01:30:15]  [%emt 00:00:06]} 12. Bf4 {[%clk 01:31:46]  [%emt 00:00:12]}
12... Re8 {[%clk 01:30:03]  [%emt 00:00:43]} 13. Nd2 {
[%clk 01:30:24]  [%emt 00:01:53]} 13... Be6 {[%clk 01:25:35]  [%emt 00:04:58]}
14. Qf2 {[%clk 01:25:21]  [%emt 00:02:06]} 14... Qb6 {
[%clk 01:15:15]  [%emt 00:14:16]} 15. Nb3 {[%clk 01:22:33]  [%emt 00:03:18]}
15... Rac8 {[%clk 01:15:28]  [%emt 00:00:18]} 16. h3 {
[%clk 01:21:58]  [%emt 00:01:04]} 16... dxe4 {[%clk 01:07:27]  [%emt 00:08:31]}
17. dxe4 {[%clk 01:22:08]  [%emt 00:00:21]} 17... Bc4 {
[%clk 01:05:29]  [%emt 00:02:27]} 18. Rfe1 {[%clk 01:19:37]  [%emt 00:03:01]}
18... h6 {[%clk 01:01:08]  [%emt 00:04:51]} 19. g4 {
[%clk 01:19:08]  [%emt 00:00:59]} 19... g5 {[%clk 00:59:36]  [%emt 00:02:02]}
20. Bg3 {[%clk 01:19:04]  [%emt 00:00:34]} 20... Re7 {
[%clk 00:59:43]  [%emt 00:00:23]} 21. Rad1 {[%clk 01:19:07]  [%emt 00:00:27]}
21... Bxb3 {[%clk 00:53:31]  [%emt 00:06:43]} 22. axb3 {
[%clk 01:17:33]  [%emt 00:02:04]} 22... Re6 {[%clk 00:53:09]  [%emt 00:00:51]}
23. e5 {[%clk 01:16:08]  [%emt 00:01:55]} 23... Rce8 {
[%clk 00:48:05]  [%emt 00:05:35]} 24. exf6 {[%clk 01:15:26]  [%emt 00:01:12]}
24... Rxe1+ {[%clk 00:48:32]  [%emt 00:00:03]} 25. Rxe1 {
[%clk 01:15:34]  [%emt 00:00:22]} 25... Rxe1+ {[%clk 00:48:59]  [%emt 00:00:03]
} 26. Qxe1 {[%clk 01:15:56]  [%emt 00:00:07]} 26... Bxf6 {
[%clk 00:49:15]  [%emt 00:00:15]} 27. Qf2 {[%clk 01:15:48]  [%emt 00:00:38]}
27... Kg7 {[%clk 00:48:59]  [%emt 00:00:46]} 28. Bd5 {[%emt 00:00:28]} 28...
Qd8 {[%emt 00:02:07]} 29. Qxc5 {[%clk 01:12:15]  [%emt 00:01:28]} 29... b6 {
[%clk 00:49:15]  [%emt 00:00:14]} 30. Qc4 {[%clk 01:09:47]  [%emt 00:02:57]}
30... Qe7 {[%clk 00:49:42]  [%emt 00:00:04]} 31. Qe4 {
[%clk 01:09:32]  [%emt 00:00:45]} 31... Qd7 {[%clk 00:49:08]  [%emt 00:01:04]}
32. Be5 {[%clk 01:06:33]  [%emt 00:03:28]} 1-0

[Event "V Open Escacs Xàtiva"]
[Site "Xàtiva, Spain"]
[Date "2019.07.17"]
[Round "4.6"]
[White "Albuixech Sanz, Jorge"]
[Black "Deruelle Sala, Albert"]
[Result "0-1"]
[WhiteElo "1781"]
[BlackElo "2076"]
[PlyCount "38"]
[EventDate "2019.??.??"]

1. e4 {[%clk 01:30:59]  [%emt 00:23:36]} 1... c5 {
[%clk 01:26:15]  [%emt 00:04:46]} 2. Nf3 {[%clk 01:31:13]  [%emt 00:00:16]}
2... e6 {[%clk 01:26:39]  [%emt 00:00:07]} 3. d4 {
[%clk 01:31:26]  [%emt 00:00:16]} 3... cxd4 {[%clk 01:27:04]  [%emt 00:00:05]}
4. Nxd4 {[%clk 01:31:48]  [%emt 00:00:08]} 4... a6 {
[%clk 01:27:31]  [%emt 00:00:04]} 5. Be2 {[%clk 01:26:55]  [%emt 00:05:22]}
5... Qc7 {[%clk 01:27:40]  [%emt 00:00:21]} 6. O-O {
[%clk 01:26:33]  [%emt 00:00:51]} 6... Nf6 {[%clk 01:28:05]  [%emt 00:00:05]}
7. Nc3 {[%clk 01:23:06]  [%emt 00:03:58]} 7... Bb4 {
[%clk 01:28:15]  [%emt 00:00:20]} 8. Qd3 {[%clk 01:23:02]  [%emt 00:00:33]}
8... d6 {[%clk 01:26:41]  [%emt 00:02:04]} 9. Bg5 {
[%clk 01:04:51]  [%emt 00:18:41]} 9... Nbd7 {[%clk 01:26:13]  [%emt 00:00:56]}
10. Bxf6 {[%clk 01:05:10]  [%emt 00:00:14]} 10... Nxf6 {
[%clk 01:22:19]  [%emt 00:04:24]} 11. Ncb5 {[%clk 01:00:20]  [%emt 00:05:20]}
11... Qb8 {[%clk 01:17:29]  [%emt 00:05:19]} 12. a3 {
[%clk 00:59:21]  [%emt 00:01:30]} 12... Bc5 {[%clk 01:17:54]  [%emt 00:00:05]}
13. b4 {[%clk 00:57:12]  [%emt 00:02:39]} 13... Bb6 {
[%clk 01:17:14]  [%emt 00:01:10]} 14. a4 {[%clk 00:53:49]  [%emt 00:03:54]}
14... axb5 {[%clk 01:17:15]  [%emt 00:00:29]} 15. Qxb5+ {
[%clk 00:53:38]  [%emt 00:00:40]} 15... Nd7 {[%clk 01:17:37]  [%emt 00:00:07]}
16. Rfd1 {[%clk 00:41:13]  [%emt 00:12:56]} 16... O-O {
[%clk 01:16:46]  [%emt 00:01:20]} 17. c4 {[%clk 00:32:17]  [%emt 00:09:26]}
17... Bxd4 {[%clk 01:12:15]  [%emt 00:05:01]} 18. Rxd4 {
[%clk 00:32:45]  [%emt 00:00:03]} 18... Nf6 {[%clk 01:11:50]  [%emt 00:00:55]}
19. Qb6 {[%clk 00:24:12]  [%emt 00:09:02]} 19... Ra6 {
[%clk 01:11:46]  [%emt 00:00:35]} 0-1

[Event "V Open Escacs Xàtiva"]
[Site "Xàtiva, Spain"]
[Date "2019.07.17"]
[Round "4.7"]
[White "Hernandez Lopez, Alberto"]
[Black "Custard Gasco, Daniela Brenda"]
[Result "1-0"]
[WhiteElo "2038"]
[BlackElo "1811"]
[PlyCount "65"]
[EventDate "2019.??.??"]

1. d4 {[%clk 01:30:58]  [%emt 00:00:06]} 1... Nf6 {
[%clk 01:30:52]  [%emt 00:00:15]} 2. c4 {[%clk 01:31:22]} 2... g6 {
[%clk 01:31:01]  [%emt 00:00:46]} 3. Nc3 {[%clk 01:31:48]} 3... Bg7 {
[%clk 01:31:26]} 4. e4 {[%clk 01:32:13]} 4... d6 {
[%clk 01:31:53]  [%emt 00:00:05]} 5. h3 {[%clk 01:32:38]} 5... O-O {
[%clk 01:32:01]  [%emt 00:00:15]} 6. Be3 {[%clk 01:33:01]  [%emt 00:00:04]}
6... c5 {[%clk 01:26:39]  [%emt 00:05:51]} 7. d5 {
[%clk 01:33:26]  [%emt 00:00:08]} 7... Na6 {[%clk 01:23:43]  [%emt 00:03:21]}
8. Nf3 {[%clk 01:33:06]  [%emt 00:00:49]} 8... Nc7 {
[%clk 01:22:35]  [%emt 00:01:41]} 9. Bd3 {[%clk 01:33:13]  [%emt 00:00:25]}
9... a6 {[%clk 01:22:03]  [%emt 00:01:08]} 10. a4 {
[%clk 01:33:36]  [%emt 00:00:03]} 10... Rb8 {[%clk 01:22:08]  [%emt 00:00:19]}
11. O-O {[%clk 01:33:39]  [%emt 00:00:49]} 11... b5 {
[%clk 01:20:08]  [%emt 00:02:56]} 12. axb5 {[%clk 01:31:53]  [%emt 00:01:27]}
12... axb5 {[%clk 01:20:33]  [%emt 00:00:39]} 13. cxb5 {
[%clk 01:31:41]  [%emt 00:00:44]} 13... Bd7 {[%clk 01:20:30]  [%emt 00:00:07]}
14. Qe2 {[%clk 01:31:13]  [%emt 00:01:01]} 14... e6 {
[%clk 01:10:50]  [%emt 00:09:59]} 15. dxe6 {[%clk 01:30:45]  [%emt 00:00:56]}
15... fxe6 {[%clk 01:10:27]  [%emt 00:00:52]} 16. e5 {
[%clk 01:29:55]  [%emt 00:01:40]} 16... Nfd5 {[%clk 01:07:12]  [%emt 00:03:26]}
17. Nxd5 {[%clk 01:09:07]  [%emt 00:21:49]} 17... exd5 {
[%clk 01:06:06]  [%emt 00:01:10]} 18. exd6 {[%clk 01:08:38]  [%emt 00:01:29]}
18... Ne6 {[%clk 01:05:32]  [%emt 00:01:10]} 19. Ra7 {
[%clk 01:08:05]  [%emt 00:00:45]} 19... c4 {[%clk 01:04:12]  [%emt 00:01:26]}
20. Bb1 {[%clk 01:06:05]  [%emt 00:03:01]} 20... Rxb5 {
[%clk 01:01:23]  [%emt 00:02:48]} 21. Bc1 {[%clk 00:58:02]  [%emt 00:08:35]}
21... d4 {[%clk 00:34:11]  [%emt 00:27:54]} 22. Qxc4 {
[%clk 00:54:41]  [%emt 00:03:38]} 22... Rxf3 {[%clk 00:34:32]  [%emt 00:00:54]}
23. Rxd7 {[%clk 00:50:13]  [%emt 00:04:14]} 23... Qxd7 {
[%clk 00:34:00]  [%emt 00:01:06]} 24. gxf3 {[%clk 00:50:05]  [%emt 00:00:43]}
24... Rc5 {[%clk 00:33:29]  [%emt 00:01:38]} 25. Qb3 {
[%clk 00:48:21]  [%emt 00:01:25]} 25... Rb5 {[%clk 00:29:12]  [%emt 00:04:47]}
26. Qa2 {[%clk 00:46:11]  [%emt 00:02:43]} 26... Qxd6 {
[%clk 00:27:54]  [%emt 00:01:46]} 27. Bd3 {[%clk 00:44:49]  [%emt 00:01:52]}
27... Rb6 {[%clk 00:23:12]  [%emt 00:05:10]} 28. Re1 {
[%clk 00:43:14]  [%emt 00:02:08]} 28... Kf8 {[%clk 00:18:28]  [%emt 00:05:12]}
29. Qa8+ {[%clk 00:42:03]  [%emt 00:01:42]} 29... Rb8 {
[%clk 00:18:29]  [%emt 00:00:29]} 30. Qe4 {[%clk 00:42:13]  [%emt 00:00:58]}
30... Re8 {[%clk 00:13:02]  [%emt 00:05:35]} 31. Qh4 {
[%clk 00:38:49]  [%emt 00:03:37]} 31... Qb4 {[%clk 00:03:06]  [%emt 00:10:32]}
32. Re2 {[%clk 00:29:53]  [%emt 00:09:20]} 32... Nc5 {
[%clk 00:02:23]  [%emt 00:01:14]} 33. Qf4+ {[%clk 00:30:06]  [%emt 00:00:18]}
1-0

[Event "V Open Escacs Xàtiva"]
[Site "Xàtiva, Spain"]
[Date "2019.07.17"]
[Round "4.8"]
[White "Perez Mas, Jose Manuel"]
[Black "Martinez Lopez, Jaume"]
[Result "1-0"]
[WhiteElo "1711"]
[BlackElo "2007"]
[PlyCount "97"]
[EventDate "2019.??.??"]

1. d4 {[%clk 01:30:57]  [%emt 00:00:22]} 1... d6 {[%clk 01:30:53]} 2. Bf4 {
[%clk 01:30:43]  [%emt 00:00:31]} 2... g6 {[%clk 01:30:54]  [%emt 00:00:32]} 3.
e3 {[%clk 01:29:51]  [%emt 00:01:20]} 3... Bg7 {
[%clk 01:31:13]  [%emt 00:00:17]} 4. Nf3 {[%clk 01:29:42]  [%emt 00:00:35]}
4... Nd7 {[%clk 01:29:11]  [%emt 00:02:33]} 5. Bc4 {
[%clk 01:25:12]  [%emt 00:04:56]} 5... e6 {[%clk 01:21:54]  [%emt 00:07:48]} 6.
Nbd2 {[%clk 01:22:34]  [%emt 00:03:18]} 6... Ne7 {
[%clk 01:22:06]  [%emt 00:00:06]} 7. c3 {[%clk 01:16:37]  [%emt 00:06:28]} 7...
O-O {[%clk 01:21:31]  [%emt 00:01:01]} 8. h4 {[%clk 01:16:32]  [%emt 00:00:41]}
8... h6 {[%clk 01:21:14]  [%emt 00:00:47]} 9. e4 {
[%clk 01:04:01]  [%emt 00:13:03]} 9... e5 {[%clk 01:08:18]  [%emt 00:13:42]}
10. Be3 {[%clk 01:03:20]  [%emt 00:00:51]} 10... exd4 {
[%clk 01:01:18]  [%emt 00:08:09]} 11. cxd4 {[%clk 01:03:10]  [%emt 00:00:04]}
11... Nf6 {[%clk 01:01:45]  [%emt 00:00:03]} 12. Qc2 {
[%clk 00:59:11]  [%emt 00:04:51]} 12... d5 {[%clk 00:58:47]  [%emt 00:03:22]}
13. exd5 {[%clk 00:52:20]  [%emt 00:07:33]} 13... Nexd5 {
[%clk 00:50:36]  [%emt 00:08:09]} 14. O-O {[%clk 00:50:54]  [%emt 00:01:58]}
14... c6 {[%clk 00:41:30]  [%emt 00:09:35]} 15. Bxd5 {
[%clk 00:41:42]  [%emt 00:09:41]} 15... Nxd5 {[%clk 00:40:45]  [%emt 00:01:57]}
16. Nc4 {[%clk 00:41:26]  [%emt 00:00:06]} 16... Bg4 {
[%clk 00:40:48]  [%emt 00:00:32]} 17. Nce5 {[%clk 00:40:10]  [%emt 00:01:38]}
17... Bxe5 {[%clk 00:40:37]  [%emt 00:00:40]} 18. Nxe5 {
[%clk 00:40:29]  [%emt 00:00:44]} 18... Bf5 {[%clk 00:40:58]} 19. Qd2 {
[%clk 00:39:22]  [%emt 00:01:13]} 19... Nxe3 {[%clk 00:41:07]  [%emt 00:00:29]}
20. fxe3 {[%clk 00:38:33]  [%emt 00:01:10]} 20... Qxh4 {
[%clk 00:41:28]  [%emt 00:00:28]} 21. Rf4 {[%clk 00:38:05]  [%emt 00:00:52]}
21... Qg5 {[%clk 00:37:01]  [%emt 00:04:51]} 22. Qf2 {
[%clk 00:33:19]  [%emt 00:05:46]} 22... Rae8 {[%clk 00:21:31]  [%emt 00:15:26]}
23. Rf1 {[%clk 00:28:46]  [%emt 00:05:15]} 23... f6 {
[%clk 00:20:04]  [%emt 00:01:57]} 24. Nf3 {[%clk 00:28:17]  [%emt 00:00:46]}
24... Qh5 {[%clk 00:20:29]  [%emt 00:00:13]} 25. Rh4 {
[%clk 00:28:27]  [%emt 00:00:12]} 25... Qxh4 {[%clk 00:19:43]  [%emt 00:01:17]}
26. Nxh4 {[%clk 00:28:28]  [%emt 00:00:28]} 26... Be4 {
[%clk 00:19:10]  [%emt 00:01:17]} 27. Qg3 {[%clk 00:27:29]  [%emt 00:01:13]}
27... Kf7 {[%clk 00:18:49]  [%emt 00:01:11]} 28. Nf3 {
[%clk 00:26:09]  [%emt 00:01:58]} 28... Kg7 {[%clk 00:18:54]  [%emt 00:00:03]}
29. Nd2 {[%clk 00:26:05]  [%emt 00:00:30]} 29... Bd3 {
[%clk 00:18:52]  [%emt 00:00:37]} 30. Rf2 {[%clk 00:24:21]  [%emt 00:02:10]}
30... Rf7 {[%clk 00:19:11]  [%emt 00:00:14]} 31. e4 {
[%clk 00:23:43]  [%emt 00:01:29]} 31... Bxe4 {[%clk 00:19:33]  [%emt 00:00:03]}
32. Nxe4 {[%clk 00:24:04]} 32... Rxe4 {[%clk 00:20:00]} 33. Rf4 {
[%clk 00:22:42]  [%emt 00:01:56]} 33... Re2 {[%clk 00:20:12]  [%emt 00:00:36]}
34. Qc3 {[%clk 00:21:56]  [%emt 00:01:32]} 34... a6 {[%clk 00:20:20]} 35. Rf3 {
[%clk 00:20:45]  [%emt 00:01:21]} 35... Re8 {[%clk 00:20:34]  [%emt 00:00:31]}
36. Re3 {[%clk 00:20:42]  [%emt 00:00:30]} 36... Rfe7 {
[%clk 00:19:27]  [%emt 00:01:22]} 37. Rxe7+ {[%clk 00:20:55]  [%emt 00:00:22]}
37... Rxe7 {[%clk 00:19:54]} 38. Kf2 {[%clk 00:20:39]  [%emt 00:00:46]} 38...
Kf7 {[%clk 00:19:55]  [%emt 00:00:25]} 39. Qc4+ {
[%clk 00:20:07]  [%emt 00:01:03]} 39... Kg7 {[%clk 00:20:19]  [%emt 00:00:35]}
40. b4 {[%clk 00:19:30]  [%emt 00:00:38]} 40... Kf8 {
[%clk 00:20:27]  [%emt 00:00:21]} 41. a4 {[%clk 00:19:30]  [%emt 00:00:31]}
41... Kg7 {[%clk 00:20:53]  [%emt 00:00:46]} 42. b5 {
[%clk 00:18:47]  [%emt 00:00:31]} 42... axb5 {[%clk 00:21:18]  [%emt 00:00:22]}
43. axb5 {[%clk 00:19:07]  [%emt 00:00:04]} 43... cxb5 {
[%clk 00:20:34]  [%emt 00:01:03]} 44. Qxb5 {[%clk 00:19:35]  [%emt 00:00:35]}
44... Kf8 {[%clk 00:19:34]  [%emt 00:00:57]} 45. Qb6 {
[%clk 00:19:00]  [%emt 00:01:05]} 45... Kf7 {[%clk 00:19:50]  [%emt 00:00:14]}
46. d5 {[%clk 00:18:55]  [%emt 00:00:40]} 46... h5 {
[%clk 00:20:02]  [%emt 00:00:15]} 47. Qd8 {[%clk 00:16:53]  [%emt 00:02:29]}
47... b5 {[%clk 00:20:01]  [%emt 00:00:38]} 48. d6 {
[%clk 00:15:28]  [%emt 00:01:54]} 48... Re8 {[%clk 00:20:26]  [%emt 00:00:08]}
49. Qc7+ {[%clk 00:15:18]  [%emt 00:00:31]} 1-0

[Event "V Open Escacs Xàtiva"]
[Site "Xàtiva, Spain"]
[Date "2019.07.17"]
[Round "4.9"]
[White "Ponce Valero, Juan Antonio"]
[Black "Pallas Moragues, Gerard"]
[Result "1-0"]
[WhiteElo "1949"]
[BlackElo "1667"]
[PlyCount "83"]
[EventDate "2019.??.??"]

1. e4 {[%clk 01:30:55]  [%emt 00:00:07]} 1... e5 {
[%clk 01:30:55]  [%emt 00:00:19]} 2. Nf3 {[%clk 01:31:19]} 2... Nc6 {
[%clk 01:31:16]} 3. Bc4 {[%clk 01:31:18]  [%emt 00:00:27]} 3... Nf6 {
[%clk 01:31:15]  [%emt 00:00:43]} 4. d3 {[%clk 01:31:14]  [%emt 00:00:23]} 4...
Be7 {[%clk 01:30:54]  [%emt 00:00:52]} 5. Bg5 {[%clk 01:26:57]  [%emt 00:04:47]
} 5... O-O {[%clk 01:26:49]  [%emt 00:04:33]} 6. a4 {
[%clk 01:24:53]  [%emt 00:02:35]} 6... d6 {[%clk 01:24:52]  [%emt 00:02:27]} 7.
Nbd2 {[%clk 01:25:20]  [%emt 00:00:32]} 7... Ne8 {
[%clk 01:18:55]  [%emt 00:05:56]} 8. Be3 {[%clk 01:19:09]  [%emt 00:07:06]}
8... Kh8 {[%clk 01:10:45]  [%emt 00:08:19]} 9. h3 {
[%clk 00:48:09]  [%emt 00:31:27]} 9... f5 {[%clk 01:03:12]  [%emt 00:08:03]}
10. Nf1 {[%clk 00:48:29]  [%emt 00:00:14]} 10... f4 {
[%clk 01:00:21]  [%emt 00:03:17]} 11. Bd2 {[%clk 00:48:56]  [%emt 00:00:35]}
11... Bf6 {[%clk 00:45:24]  [%emt 00:14:56]} 12. Bc3 {
[%clk 00:48:38]  [%emt 00:00:58]} 12... Qe7 {[%clk 00:44:00]  [%emt 00:02:05]}
13. Qe2 {[%clk 00:46:55]  [%emt 00:02:04]} 13... Be6 {
[%clk 00:40:31]  [%emt 00:03:47]} 14. N1h2 {[%clk 00:32:23]  [%emt 00:15:00]}
14... Bxc4 {[%clk 00:35:25]  [%emt 00:06:08]} 15. dxc4 {[%clk 00:32:52]} 15...
g6 {[%clk 00:33:56]  [%emt 00:01:28]} 16. O-O-O {
[%clk 00:32:48]  [%emt 00:00:40]} 16... a6 {[%clk 00:33:02]  [%emt 00:01:23]}
17. Rdg1 {[%clk 00:31:34]  [%emt 00:01:43]} 17... Nd4 {
[%clk 00:26:59]  [%emt 00:06:31]} 18. Bxd4 {[%clk 00:31:15]  [%emt 00:00:47]}
18... exd4 {[%clk 00:27:22]  [%emt 00:00:36]} 19. g4 {[%clk 00:31:40]} 19...
fxg3 {[%clk 00:24:55]  [%emt 00:02:38]} 20. Rxg3 {
[%clk 00:31:09]  [%emt 00:00:55]} 20... b5 {[%clk 00:24:48]  [%emt 00:01:36]}
21. h4 {[%clk 00:30:46]} 21... bxc4 {[%clk 00:18:09]  [%emt 00:07:04]} 22. Ng4
{[%clk 00:31:07]  [%emt 00:00:39]} 22... Ng7 {[%clk 00:10:52]  [%emt 00:07:16]}
23. Nxf6 {[%clk 00:20:47]  [%emt 00:10:55]} 23... Rxf6 {
[%clk 00:10:21]  [%emt 00:00:58]} 24. Nxd4 {[%clk 00:17:30]  [%emt 00:03:45]}
24... Raf8 {[%clk 00:07:05]  [%emt 00:03:52]} 25. Rf3 {
[%clk 00:06:50]  [%emt 00:11:23]} 25... Rxf3 {[%clk 00:06:49]  [%emt 00:00:29]}
26. Nxf3 {[%clk 00:07:18]  [%emt 00:00:23]} 26... Qf6 {
[%clk 00:06:04]  [%emt 00:00:53]} 27. Ng5 {[%clk 00:06:34]  [%emt 00:01:21]}
27... Ne6 {[%clk 00:03:25]  [%emt 00:03:03]} 28. Nxe6 {
[%clk 00:04:38]  [%emt 00:02:26]} 28... Qxe6 {[%clk 00:03:54]  [%emt 00:00:25]}
29. h5 {[%clk 00:04:22]  [%emt 00:00:22]} 29... gxh5 {
[%clk 00:01:23]  [%emt 00:03:01]} 30. Rxh5 {[%clk 00:03:59]  [%emt 00:00:53]}
30... Qg6 {[%clk 00:01:22]  [%emt 00:00:30]} 31. Rh1 {
[%clk 00:03:41]  [%emt 00:01:25]} 31... Qe6 {[%clk 00:01:02]  [%emt 00:00:17]}
32. Rf1 {[%clk 00:03:12]  [%emt 00:00:57]} 32... d5 {
[%clk 00:01:12]  [%emt 00:00:29]} 33. e5 {[%clk 00:03:34]  [%emt 00:00:06]}
33... Qh6+ {[%clk 00:01:07]  [%emt 00:00:27]} 34. Kb1 {
[%clk 00:04:01]  [%emt 00:00:39]} 34... c3 {[%clk 00:01:21]} 35. e6 {
[%clk 00:04:01]  [%emt 00:00:20]} 35... Re8 {[%clk 00:01:18]  [%emt 00:00:25]}
36. Qe5+ {[%clk 00:04:05]  [%emt 00:00:24]} 36... Qg7 {
[%clk 00:01:35]  [%emt 00:00:45]} 37. Qxd5 {[%clk 00:04:09]} 37... cxb2 {
[%clk 00:01:27]  [%emt 00:00:53]} 38. f4 {[%clk 00:03:54]  [%emt 00:00:24]}
38... Qf6 {[%clk 00:00:52]  [%emt 00:01:09]} 39. f5 {
[%clk 00:04:03]  [%emt 00:00:18]} 39... Rd8 {[%clk 00:00:48]  [%emt 00:00:33]}
40. Qb3 {[%clk 00:03:44]  [%emt 00:00:49]} 40... Qf8 {
[%clk 00:00:39]  [%emt 00:01:00]} 41. Qxb2+ {[%clk 00:03:29]  [%emt 00:00:25]}
41... Qg7 {[%clk 00:00:44]  [%emt 00:00:36]} 42. f6 {[%clk 00:03:56]} 1-0